00511nam a2200145Ia 4500008004100000245013400041260001700175260000900192300000800201650002300209650001200232856002900244999001900273952007300292170516s9999 xx 000 0 und d aSynthesis and Preclinical Evaluation of Sulfonamido-based [11C-Carbonyl]-Carbamates and Ureas for Imaging Monoacylglycerol Lipase bTheranostics c2016 a6:8 xMedical Technology xMedtech uhttp://www.thno.org/v6i8 c330799d330799 001040aCLbCLd2017-05-16l0r2017-05-16 00:00:00w2017-05-16yFOJ